000 01310nam a2200313Ia 4500
005 20220317001845.0
008 170410s2007 s ao g 000 0 s
020 _a9788434229945
041 _aspa
082 0 4 _a751.45
_bA78o
100 1 _aAsunción, Josep
245 1 0 _aÓleo creativo
_ctextos Josep Asunción y Gemma Guash
250 _a1a. edición
300 _a143 páginas
_bilustraciones, fotografías en color
_c28 cm
490 _aTécnicas creativas
500 _aIncluye Glosario
505 _aMateriales y técnicas -- Pinturas y soportes -- Aplicadores --Sustancias -- Técnicas básicas -- Fondos de color -- Sfumatto -- Pintura plana -- Texturas -- Veladuras -- Pintura gestual -- Empastados -- Mezcla óptica -- Modelado --Monotipos -- Glacis -- Tenebrismo -- Manipulados -- Medios combinados -- Glosario de elementos del lenguaje
650 1 4 _2LEMB
_aPintura
_vDetalles
650 1 4 _2LEMB
_aPintura
_vManuales
650 1 4 _2LEMB
_aPintura al oleo
_vEnseñanza
650 1 4 _2LEMB
_aPintura al oleo
_vEstrategia y técnicas
700 1 _aGemma, Guasch
_977996
942 _2ddc
_cBK
264 _aBarcelona
_bParramón
_c2007
336 _atexto
_btxt
_2rdacontent
337 _asin mediación
_bn
_2rdamedia
338 _avolumen
_bnc
_2rdacarrier
040 _aCO-BoRNBP
_bspa
_erda
_cCO-BoRNBP
999 _c8324
_d8324